[Event "Festival A"]
[Site "Pizzo Barcellona di Gotto ITA"]
[Date "1993.07.??"]
[Round "3"]
[White "Barlov, Dragan"]
[Black "Isonzo, David"]
[Result "1-0"]
[WhiteElo "2495"]
[BlackElo "1911"]
[PlyCount "117"]
[EventDate "1993.07.23"]
[EventCountry "ITA"]
[SourceDate "2005.09.12"]

1. d4 Nf6 2. c4 g6 3. Nc3 Bg7 4. e4 d6 5. Be2 O-O 6. Nf3 e5 7. O-O Nc6 8. d5
Ne7 9. Ne1 Nd7 10. Nd3 f5 11. Bd2 Nf6 12. f3 f4 13. Rc1 g5 14. c5 Ne8 15. g4 h5
16. h3 Ng6 17. Be1 Rf7 18. Kg2 Bf8 19. b4 Nh4+ 20. Bxh4 gxh4 21. c6 b6 22. Nf2
Qg5 23. Kh1 hxg4 24. hxg4 h3 25. Rg1 Rh7 26. Bf1 h2 27. Rg2 Be7 28. Rc2 Qg7 29.
Nd3 Bh4 30. Rxh2 Bg3 31. Rxh7 Qxh7+ 32. Kg1 Nf6 33. Qe2 Qh4 34. Qg2 Nxg4 35.
fxg4 Bxg4 36. Be2 Bh3 37. Qf3 Qg5 38. Bf1 Bg4 39. Qg2 Kg7 40. Be2 Rh8 41. Bxg4
Qxg4 42. Nf2 Qg5 43. Kf1 f3 44. Qxf3 Rf8 45. Qg2 Rxf2+ 46. Rxf2 Qc1+ 47. Ke2
Qc2+ 48. Kf3 Qxc3+ 49. Kg4 Bxf2 50. Qxf2 Qc1 51. b5 Qd1+ 52. Qf3 Qg1+ 53. Qg3
Qf1 54. Kh5+ Kh8 55. Kg6 Qh1 56. Qg4 Qh7+ 57. Kf6 Qh6+ 58. Ke7 Qh7+ 59. Kd8 1-0

[Event "Festival A"]
[Site "Pizzo Barcellona di Gotto ITA"]
[Date "1993.07.??"]
[Round "6"]
[White "Braga, Fernando Alberto"]
[Black "Zlochevskij, Alexander"]
[Result "1-0"]
[WhiteElo "2455"]
[BlackElo "2450"]
[PlyCount "101"]
[EventDate "1993.07.23"]
[EventCountry "ITA"]
[SourceDate "2005.09.12"]

1. e4 e6 2. d4 d5 3. Nc3 Bb4 4. exd5 exd5 5. Bd3 Nc6 6. a3 Be7 7. Bf4 Be6 8.
Nf3 Nf6 9. h3 Bd6 10. Qd2 Nh5 11. Be5 a6 12. Ne2 h6 13. O-O Qd7 14. b4 Bxe5 15.
Nxe5 Nxe5 16. dxe5 g5 17. Qe3 Rg8 18. Rfe1 Nf4 19. Nd4 Rg7 20. Bf1 Kf8 21. Kh2
Re8 22. Rad1 Kg8 23. g3 Ng6 24. c4 c6 25. Bg2 Ne7 26. Nb3 Qc8 27. cxd5 Bxd5 28.
Nc5 Bxg2 29. Kxg2 Ng6 30. Qd4 Kh8 31. Kh2 Nf8 32. Ne4 Ne6 33. Qa1 Qc7 34. Nf6
Rd8 35. Rxd8+ Qxd8 36. Rd1 Qb6 37. Kg1 Rg6 38. Rd7 Kg7 39. Qd1 Nf8 40. Rd8 c5
41. Rb8 cxb4 42. axb4 Qxb4 43. Qd8 a5 44. Nd5 Qe1+ 45. Kg2 Qxe5 46. Qxf8+ Kh7
47. Qxf7+ Qg7 48. Rxb7 Qxf7 49. Rxf7+ Rg7 50. Rxg7+ Kxg7 51. Nc3 1-0

[Event "Festival A"]
[Site "Pizzo Barcellona di Gotto ITA"]
[Date "1993.07.??"]
[Round "9"]
[White "Cappadona, Salvatore"]
[Black "Garcia Palermo, Carlos Horacio"]
[Result "0-1"]
[WhiteElo "2000"]
[BlackElo "2455"]
[PlyCount "32"]
[EventDate "1993.07.23"]
[EventCountry "ITA"]
[SourceDate "2005.09.12"]

1. e4 c5 2. d4 cxd4 3. c3 dxc3 4. Nxc3 e6 5. Nf3 Bb4 6. Bd2 Nf6 7. Qc2 Nc6 8.
a3 Bxc3 9. Bxc3 d5 10. exd5 exd5 11. O-O-O O-O 12. Bd3 Bg4 13. Ng5 Bxd1 14.
Bxh7+ Kh8 15. Rxd1 d4 16. Bg8 Kxg8 0-1

[Event "Festival CSAIN A"]
[Site "Torino "]
[Date "1993.05.??"]
[Round "1"]
[White "Zelcic, Robert"]
[Black "Sarno, Spartaco"]
[Result "0-1"]
[WhiteElo "2450"]
[BlackElo "2410"]
[PlyCount "58"]
[EventDate "1993.05.08"]
[EventCountry "ITA"]
[SourceDate "2005.09.12"]

1. e4 d6 2. d4 Nf6 3. Nc3 g6 4. f4 Bg7 5. e5 dxe5 6. dxe5 Qxd1+ 7. Kxd1 Ng4 8.
Nd5 Kd8 9. Ke1 f6 10. h3 Nh6 11. Nf3 Nf7 12. Be3 c6 13. exf6 exf6 14. Nc3 f5
15. Kf2 Nd7 16. Rd1 Kc7 17. Bc4 Nd6 18. Ng5 Nxc4 19. Ne6+ Kb8 20. Nxg7 Nxe3 21.
Kxe3 Rg8 22. Ne6 Re8 23. Kf2 Rxe6 24. Rhe1 Rxe1 25. Rxe1 Kc7 26. Re7 Kd6 27.
Rxh7 Nf8 28. Rf7 Bd7 29. Rg7 Ke6 0-1

[Event "Festival CSAIN A"]
[Site "Torino "]
[Date "1993.05.??"]
[Round "3"]
[White "Nurkic, Sahbaz"]
[Black "Sarno, Spartaco"]
[Result "0-1"]
[WhiteElo "2425"]
[BlackElo "2410"]
[PlyCount "48"]
[EventDate "1993.05.08"]
[EventCountry "ITA"]
[SourceDate "2005.09.12"]

1. e4 d6 2. d4 Nf6 3. Nc3 g6 4. f4 Bg7 5. e5 Nfd7 6. Nf3 O-O 7. h4 c5 8. h5
cxd4 9. hxg6 dxc3 10. gxf7+ Rxf7 11. Ng5 Nxe5 12. Qh5 cxb2 13. Bxb2 Qa5+ 14. c3
Rxf4 15. Qxh7+ Kf8 16. Qh5 Bd7 17. O-O-O Na6 18. Be2 Rc8 19. Rh4 Rxc3+ 20. Kb1
Bf5+ 21. Ka1 Qxa2+ 22. Kxa2 Nb4+ 23. Ka1 Ra3+ 24. Bxa3 Nc4+ 0-1

[Event "Festival CSAIN A"]
[Site "Torino "]
[Date "1993.05.??"]
[Round "7"]
[White "Faraoni, Enrico"]
[Black "Nurkic, Sahbaz"]
[Result "0-1"]
[WhiteElo "2049"]
[BlackElo "2425"]
[PlyCount "52"]
[EventDate "1993.05.08"]
[EventCountry "ITA"]
[SourceDate "2005.09.12"]

1. e4 c5 2. d4 cxd4 3. c3 dxc3 4. Nxc3 e6 5. Nf3 a6 6. Bc4 b5 7. Bb3 d6 8. O-O
Ra7 9. Qe2 Nc6 10. Rd1 Rd7 11. Bf4 Be7 12. Rac1 Bb7 13. e5 d5 14. Bc2 g5 15.
Bg3 h5 16. h3 Nh6 17. a3 h4 18. Bh2 g4 19. Ne1 g3 20. fxg3 Bc5+ 21. Kh1 hxg3
22. Nd3 Bb6 23. Bxg3 Nf5 24. Bf2 Ncd4 25. Qe1 Qg5 26. Rd2 Nf3 0-1

[Event "VIII Festival A"]
[Site "Bolzano"]
[Date "1993.06.??"]
[Round "2"]
[White "De Eccher, Stefano"]
[Black "Ortega, Lexy"]
[Result "0-1"]
[WhiteElo "2275"]
[BlackElo "2440"]
[PlyCount "64"]
[EventDate "1993.06.12"]
[EventType "schev"]
[EventRounds "2"]
[EventCountry "ITA"]
[SourceDate "2005.09.12"]

1. e4 c5 2. Nf3 d6 3. d4 cxd4 4. Nxd4 Nf6 5. Nc3 a6 6. Bc4 e6 7. Bb3 Nbd7 8.
Qe2 Nc5 9. g4 b5 10. g5 b4 11. Nd5 Nfxe4 12. Nc6 Qd7 13. Ncxb4 Rb8 14. f3 a5
15. Nd3 Nxb3 16. axb3 exd5 17. fxe4 dxe4 18. Qxe4+ Be7 19. Qa4 Rb5 20. c4 Rb8
21. Bf4 Qxa4 22. bxa4 Bf5 23. O-O-O Rc8 24. b3 d5 25. Ne5 Ba3+ 26. Kd2 f6 27.
Nd3 dxc4 28. Rhe1+ Kf7 29. bxc4 Rhd8 30. Ke3 Rxd3+ 31. Rxd3 Re8+ 32. Kf2 Bxd3
0-1

[Event "VIII Festival A"]
[Site "Bolzano"]
[Date "1993.06.??"]
[Round "3"]
[White "Pieri, Filippo"]
[Black "Nurkic, Sahbaz"]
[Result "1-0"]
[WhiteElo "2195"]
[BlackElo "2425"]
[PlyCount "52"]
[EventDate "1993.06.12"]
[EventType "schev"]
[EventRounds "2"]
[EventCountry "ITA"]
[SourceDate "2005.09.12"]

1. e4 g6 2. d4 Bg7 3. Nc3 c6 4. Bc4 b5 5. Bb3 b4 6. Nce2 Nf6 7. e5 Nd5 8. a3
bxa3 9. Rxa3 O-O 10. f4 d6 11. Nf3 dxe5 12. fxe5 Qb6 13. O-O Bg4 14. Kh1 Na6
15. Qe1 e6 16. Qh4 h5 17. h3 Bxf3 18. Rxf3 c5 19. Bxd5 exd5 20. Rf6 Bxf6 21.
exf6 Rfe8 22. Nf4 Re4 23. Qg5 Qd6 24. Rxa6 Qxa6 25. Nxg6 Re1+ 26. Kh2 Qd6+ 1-0

[Event "VIII Festival A"]
[Site "Bolzano"]
[Date "1993.06.??"]
[Round "8"]
[White "Schmittdiel, Eckhard"]
[Black "De Eccher, Stefano"]
[Result "1-0"]
[WhiteElo "2450"]
[BlackElo "2275"]
[PlyCount "39"]
[EventDate "1993.06.12"]
[EventType "schev"]
[EventRounds "2"]
[EventCountry "ITA"]
[SourceDate "2005.09.12"]

1. e4 c5 2. c3 Nf6 3. e5 Nd5 4. d4 cxd4 5. Qxd4 e6 6. Nf3 Nc6 7. Qg4 Qc7 8. Qg3
d6 9. exd6 Qxd6 10. Nbd2 Bd7 11. Nc4 Qxg3 12. hxg3 f6 13. Bd3 Kf7 14. g4 b5 15.
Ne3 Nce7 16. Nxd5 Nxd5 17. g5 Bc5 18. Rxh7 Ne7 19. gxf6 Rxh7 20. Ne5+ 1-0

[Event "IV Festival A"]
[Site "Catania "]
[Date "1993.08.??"]
[Round "1"]
[White "Hoffman, Alejandro S"]
[Black "Lagumina, Giulio"]
[Result "1-0"]
[WhiteElo "2440"]
[BlackElo "2275"]
[PlyCount "55"]
[EventDate "1993.08.01"]
[EventType "swiss"]
[EventRounds "7"]
[EventCountry "ITA"]
[SourceDate "2005.09.12"]

1. d4 d5 2. c4 e6 3. Nc3 c6 4. e3 Nf6 5. Nf3 Nbd7 6. Bd3 dxc4 7. Bxc4 b5 8. Bd3
b4 9. Ne4 c5 10. O-O Be7 11. dxc5 Nxc5 12. Nxc5 Bxc5 13. e4 O-O 14. e5 Nd7 15.
Bxh7+ Kxh7 16. Ng5+ Kg6 17. Qd3+ f5 18. exf6+ Kxf6 19. Nh7+ Ke7 20. Nxf8 Qxf8
21. Bg5+ Nf6 22. Qb5 Kf7 23. Rad1 a5 24. Bxf6 Ba6 25. Qc6 Bxf1 26. Be5 Bc4 27.
Rd7+ Kg6 28. Qe4+ 1-0

[Event "IV Festival A"]
[Site "Catania "]
[Date "1993.08.??"]
[Round "1"]
[White "Lanzani, Mario"]
[Black "Zlochevskij, Alexander"]
[Result "1-0"]
[WhiteElo "2280"]
[BlackElo "2450"]
[PlyCount "87"]
[EventDate "1993.08.01"]
[EventType "swiss"]
[EventRounds "7"]
[EventCountry "ITA"]
[SourceDate "2005.09.12"]

1. Nf3 Nf6 2. c4 g6 3. Nc3 Bg7 4. e4 d6 5. d4 O-O 6. h3 c6 7. Bg5 a6 8. Qd2 b5
9. a3 Nbd7 10. Rd1 Qc7 11. Be2 Bb7 12. O-O e6 13. e5 dxe5 14. dxe5 Nxe5 15.
Nxe5 Qxe5 16. Bf4 Qf5 17. g4 Qc5 18. Bd6 Qa7 19. Bxf8 Rxf8 20. g5 Ne8 21. Qd7
Qb6 22. c5 Qxc5 23. Qxb7 Qxg5+ 24. Kh1 c5 25. Qg2 Qe7 26. Bf3 Nd6 27. Qg3 Nc4
28. b3 Nxa3 29. Ne4 c4 30. Be2 Qb7 31. Qf3 Qc7 32. bxc4 Nxc4 33. Bxc4 Qxc4 34.
Nf6+ Kh8 35. Nd7 Rg8 36. Qxf7 Qc3 37. Qxe6 b4 38. Rfe1 Bd4 39. Kg2 g5 40. Qd5
Bg7 41. Ne5 Bf6 42. Qe6 Rf8 43. Nd7 g4 44. hxg4 1-0

[Event "IV Festival A"]
[Site "Catania "]
[Date "1993.08.??"]
[Round "1"]
[White "Ortega, Lexy"]
[Black "Rosino, Antonio"]
[Result "1-0"]
[WhiteElo "2450"]
[BlackElo "2320"]
[PlyCount "77"]
[EventDate "1993.08.01"]
[EventType "swiss"]
[EventRounds "7"]
[EventCountry "ITA"]
[SourceDate "2005.09.12"]

1. d4 Nf6 2. Nf3 g6 3. c4 Bg7 4. g3 O-O 5. Bg2 d5 6. cxd5 Nxd5 7. O-O c5 8.
dxc5 Na6 9. Ng5 Ndb4 10. Nc3 Nxc5 11. Be3 Qxd1 12. Rfxd1 Ne6 13. Rd2 Nc6 14.
Nd5 Be5 15. Rad1 Nxg5 16. Bxg5 f6 17. Bh6 Re8 18. f4 Bb8 19. b4 Kf7 20. b5 Na5
21. Rc1 Rd8 22. Rdc2 Be6 23. e4 Bd6 24. Nc7 Bxc7 25. Rxc7 Rac8 26. g4 Rxc7 27.
Rxc7 Bxg4 28. f5 gxf5 29. h3 Be2 30. exf5 Bd3 31. Bd2 b6 32. Bb4 Bxf5 33. Rxe7+
Kg6 34. Bxa5 bxa5 35. Rxa7 Rd1+ 36. Kf2 Rd2+ 37. Kg3 Rxa2 38. b6 Rb2 39. b7 1-0

[Event "IV Festival A"]
[Site "Catania "]
[Date "1993.08.??"]
[Round "2"]
[White "Marinelli, Tullio"]
[Black "Hoffman, Alejandro S"]
[Result "1/2-1/2"]
[WhiteElo "2390"]
[BlackElo "2440"]
[PlyCount "74"]
[EventDate "1993.08.01"]
[EventType "swiss"]
[EventRounds "7"]
[EventCountry "ITA"]
[SourceDate "2005.09.12"]

1. d4 Nf6 2. c4 e6 3. Nc3 d5 4. Bg5 Be7 5. e3 O-O 6. Nf3 Nbd7 7. cxd5 Nxd5 8.
Bxe7 Qxe7 9. Bc4 Nxc3 10. bxc3 e5 11. O-O e4 12. Nd2 Nf6 13. f3 c5 14. fxe4
Nxe4 15. Nxe4 Qxe4 16. Qd2 cxd4 17. cxd4 Qe7 18. Rf4 Be6 19. d5 Qd6 20. Qb2 Bd7
21. Qxb7 Rfb8 22. Qa6 Qc5 23. d6 Qxe3+ 24. Rf2 Qd4 25. Raf1 Kh8 26. Be2 f6 27.
Rd1 Qb6 28. Qxb6 Rxb6 29. Bf3 Rd8 30. Re2 Kg8 31. Re7 Kf8 32. Bd5 Be8 33. Bb3
a6 34. Ra7 Rbxd6 35. Re1 R8d7 36. Rxe8+ Kxe8 37. Ba4 Ke7 1/2-1/2

[Event "IV Festival A"]
[Site "Catania "]
[Date "1993.08.??"]
[Round "2"]
[White "Vallifuoco, Giacomo"]
[Black "Bykhovsky, Avigdor"]
[Result "0-1"]
[WhiteElo "2380"]
[BlackElo "2470"]
[PlyCount "64"]
[EventDate "1993.08.01"]
[EventType "swiss"]
[EventRounds "7"]
[EventCountry "ITA"]
[SourceDate "2005.09.12"]

1. d4 Nf6 2. c4 c5 3. d5 b5 4. cxb5 a6 5. bxa6 g6 6. Nc3 Bxa6 7. Nf3 Bg7 8. e4
Bxf1 9. Kxf1 d6 10. g3 O-O 11. Kg2 Nbd7 12. h3 Nb6 13. Re1 Nfd7 14. Qe2 Na4 15.
Nd1 Qc7 16. Bf4 Qb7 17. Rc1 Nxb2 18. Rb1 Rxa2 19. Bc1 Rb8 20. Bxb2 Bxb2 21. Qc4
Qb3 22. Qxb3 Rxb3 23. Re2 Bf6 24. Rxb3 Rxe2 25. Rb7 Ne5 26. Nxe5 Bxe5 27. Rxe7
Kf8 28. Rd7 Rxe4 29. Ne3 h5 30. g4 h4 31. g5 Ke8 32. Rc7 Bf4 0-1

[Event "IV Festival A"]
[Site "Catania "]
[Date "1993.08.??"]
[Round "2"]
[White "Vukovic, Zdravko"]
[Black "Fabiano, Giuseppe"]
[Result "1-0"]
[WhiteElo "2440"]
[BlackElo "2245"]
[PlyCount "45"]
[EventDate "1993.08.01"]
[EventType "swiss"]
[EventRounds "7"]
[EventCountry "ITA"]
[SourceDate "2005.09.12"]

1. e4 c5 2. b3 Nc6 3. Bb2 e5 4. f4 d6 5. Nf3 exf4 6. Bc4 Be6 7. O-O Bxc4 8.
bxc4 Nf6 9. Bxf6 Qxf6 10. Nc3 g6 11. Qb1 O-O-O 12. Nd5 Qg7 13. c3 g5 14. Qb5
Be7 15. Rfb1 Rd7 16. Rb3 g4 17. Rab1 Nb4 18. Nd4 Nxd5 19. Nf5 Qe5 20. cxd5 Rc7
21. Qa4 b6 22. Rxb6 axb6 23. Rxb6 1-0

[Event "IV Festival A"]
[Site "Catania "]
[Date "1993.08.??"]
[Round "3"]
[White "Aleksic, Nenad"]
[Black "Lagumina, Giulio"]
[Result "1-0"]
[WhiteElo "2405"]
[BlackElo "2275"]
[PlyCount "51"]
[EventDate "1993.08.01"]
[EventType "swiss"]
[EventRounds "7"]
[EventCountry "ITA"]
[SourceDate "2005.09.12"]

1. e4 e5 2. Nf3 Nc6 3. c3 Nf6 4. d3 g6 5. Be2 Bg7 6. O-O a5 7. Nbd2 O-O 8. Re1
d5 9. Qc2 b6 10. Bf1 Ba6 11. a4 Qd7 12. exd5 Nxd5 13. Nc4 Rfe8 14. Bd2 Rad8 15.
Rad1 Qf5 16. Qb3 Bb7 17. Bg5 Rd7 18. Re4 h6 19. Bc1 Rde7 20. Rde1 Kh7 21. Rh4
Nf4 22. Ne3 Qd7 23. Ng4 Qd6 24. Bxf4 exf4 25. Ng5+ Kg8 26. Nxf7 1-0

[Event "IV Festival A"]
[Site "Catania "]
[Date "1993.08.??"]
[Round "3"]
[White "Braga, Fernando Alberto"]
[Black "Lanzani, Mario"]
[Result "1-0"]
[WhiteElo "2455"]
[BlackElo "2280"]
[PlyCount "81"]
[EventDate "1993.08.01"]
[EventType "swiss"]
[EventRounds "7"]
[EventCountry "ITA"]
[SourceDate "2005.09.12"]

1. d4 Nf6 2. Nf3 e6 3. Bf4 b6 4. Nbd2 Bb7 5. e3 Be7 6. Bd3 Nh5 7. Bg3 f5 8. c3
O-O 9. Qc2 c5 10. O-O-O cxd4 11. exd4 Nc6 12. Kb1 Rc8 13. a3 g6 14. h3 Nxg3 15.
fxg3 Bf6 16. g4 Nxd4 17. Nxd4 Bxd4 18. gxf5 gxf5 19. Rhf1 Kh8 20. g4 Bg2 21.
Rfe1 Bxh3 22. Ba6 Rc7 23. Qd3 Bf2 24. Qxh3 Bxe1 25. Rxe1 Qg5 26. Qh2 Rc5 27.
Rh1 Rf7 28. Nf3 Qxg4 29. Rg1 Qe4+ 30. Ka1 f4 31. Ng5 Rxg5 32. Rxg5 Rg7 33. Qh4
d5 34. Rh5 Rg1+ 35. Ka2 Qb1+ 36. Kb3 Qd1+ 37. Kb4 Qc2 38. Qf6+ Rg7 39. Rg5
Qxb2+ 40. Ka4 Qc2+ 41. Kb5 1-0

[Event "IV Festival A"]
[Site "Catania "]
[Date "1993.08.??"]
[Round "3"]
[White "Bykhovsky, Avigdor"]
[Black "Vukovic, Zdravko"]
[Result "1/2-1/2"]
[WhiteElo "2470"]
[BlackElo "2440"]
[PlyCount "90"]
[EventDate "1993.08.01"]
[EventType "swiss"]
[EventRounds "7"]
[EventCountry "ITA"]
[SourceDate "2005.09.12"]

1. d4 d5 2. c4 e6 3. Nc3 Be7 4. Nf3 Nf6 5. Bf4 O-O 6. e3 Nc6 7. h3 dxc4 8. Bxc4
Nd5 9. Nxd5 exd5 10. Bd3 Bd6 11. Bxd6 Qxd6 12. Rc1 Ne7 13. Qc2 Qb4+ 14. Ke2 h6
15. Qxc7 Qxb2+ 16. Rc2 Qb4 17. Qc5 Nc6 18. a3 Qxc5 19. Rxc5 Be6 20. Rb1 Rab8
21. Ne5 Nxe5 22. dxe5 Rfd8 23. f4 d4 24. e4 Bd7 25. Bc4 b6 26. Rc7 Rbc8 27.
Rxc8 Rxc8 28. Kd3 Rc5 29. Kxd4 Ra5 30. f5 Kf8 31. Rc1 Ra4 32. Ke3 Rxa3+ 33. Kf4
Ke7 34. h4 Ra5 35. Bd5 Rc5 36. Re1 a5 37. g4 Bc6 38. Rb1 Bxd5 39. exd5 Rxd5 40.
Rxb6 Rd4+ 41. Kf3 h5 42. g5 a4 43. Ke3 Rxh4 44. Rb7+ Ke8 45. Rb8+ Ke7 1/2-1/2

[Event "IV Festival A"]
[Site "Catania "]
[Date "1993.08.??"]
[Round "3"]
[White "Drazic, Sinisa"]
[Black "Garcia Palermo, Carlos Horacio"]
[Result "0-1"]
[WhiteElo "2400"]
[BlackElo "2455"]
[PlyCount "84"]
[EventDate "1993.08.01"]
[EventType "swiss"]
[EventRounds "7"]
[EventCountry "ITA"]
[SourceDate "2005.09.12"]

1. d4 d5 2. c4 dxc4 3. e4 Nf6 4. Nc3 e5 5. Nf3 exd4 6. Qxd4 Qxd4 7. Nxd4 Bb4 8.
f3 a6 9. Bxc4 c5 10. Nc2 Be6 11. Bxe6 fxe6 12. Nxb4 cxb4 13. Ne2 Nc6 14. Bf4 e5
15. Be3 Rc8 16. Rd1 Kf7 17. Bb6 Ke6 18. Rd2 Nd7 19. Be3 b3 20. axb3 Na5 21. Kf2
Nxb3 22. Rd5 Nf6 23. Rd3 Na5 24. Rhd1 Rc2 25. Rd6+ Kf7 26. Rb6 Rb8 27. b3 Rb2
28. Bd2 Nc4 29. Rxf6+ gxf6 30. bxc4 Rc8 31. Bc3 Rb3 32. Rd7+ Ke6 33. Rxh7 Rxc4
34. h4 b5 35. Rb7 b4 36. h5 Rbxc3 37. Nxc3 bxc3 38. h6 c2 39. h7 c1=Q 40. h8=Q
Rc2+ 41. Kg3 Qg5+ 42. Kh3 Qxg2+ 0-1

[Event "IV Festival A"]
[Site "Catania "]
[Date "1993.08.??"]
[Round "3"]
[White "Hoffman, Alejandro S"]
[Black "Manca, Federico"]
[Result "1-0"]
[WhiteElo "2440"]
[BlackElo "2390"]
[PlyCount "73"]
[EventDate "1993.08.01"]
[EventType "swiss"]
[EventRounds "7"]
[EventCountry "ITA"]
[SourceDate "2005.09.12"]

1. d4 Nf6 2. c4 c5 3. d5 b5 4. cxb5 a6 5. f3 axb5 6. e4 Qa5+ 7. Bd2 Qb6 8. Qb3
e6 9. Bxb5 exd5 10. exd5 Bb7 11. Nc3 Nxd5 12. O-O-O Nxc3 13. Bxc3 Bc6 14. Bxc6
Qxb3 15. Bxd7+ Nxd7 16. axb3 Ra1+ 17. Kc2 Rxd1 18. Kxd1 h5 19. Nh3 Bd6 20. Kc2
Rh6 21. f4 Nf6 22. Re1+ Kf8 23. Bxf6 Rxf6 24. g3 h4 25. Ng5 Rh6 26. Ne4 Be7 27.
g4 Rb6 28. Kc3 Rb4 29. f5 h3 30. Re3 Kg8 31. g5 Rd4 32. g6 fxg6 33. fxg6 Rd1
34. Ng5 Rd7 35. Nxh3 Bf6+ 36. Kc2 Kf8 37. Nf4 1-0

[Event "IV Festival A"]
[Site "Catania "]
[Date "1993.08.??"]
[Round "3"]
[White "Miljanic, Boro"]
[Black "Zlochevskij, Alexander"]
[Result "0-1"]
[WhiteElo "2370"]
[BlackElo "2450"]
[PlyCount "74"]
[EventDate "1993.08.01"]
[EventType "swiss"]
[EventRounds "7"]
[EventCountry "ITA"]
[SourceDate "2005.09.12"]

1. e4 e6 2. d4 d5 3. e5 c5 4. c3 Nc6 5. Nf3 Bd7 6. Be2 Nge7 7. O-O Nf5 8. Bd3
cxd4 9. Bxf5 exf5 10. Nxd4 Be7 11. Nf3 Be6 12. Be3 g5 13. Nd4 f4 14. Nxe6 fxe6
15. Bd4 Rc8 16. Nd2 h5 17. Nb3 Rc7 18. Qe2 Bf8 19. Rad1 g4 20. c4 f3 21. Qd3
Rg8 22. Rfe1 Nb4 23. Qb1 Rxc4 24. Qh7 Rg7 25. Qxh5+ Kd7 26. Bc3 Qg5 27. Qh8 Rg8
28. Qh7+ Qg7 29. Qxg7+ Rxg7 30. a3 Nc2 31. Rf1 Nxa3 32. Rxd5+ exd5 33. e6+ Kxe6
34. Bxg7 Bxg7 35. bxa3 b6 36. gxf3 gxf3 37. h3 Ra4 0-1

[Event "IV Festival A"]
[Site "Catania "]
[Date "1993.08.??"]
[Round "3"]
[White "Ortega, Lexy"]
[Black "Marinelli, Tullio"]
[Result "1-0"]
[WhiteElo "2450"]
[BlackElo "2390"]
[PlyCount "71"]
[EventDate "1993.08.01"]
[EventType "swiss"]
[EventRounds "7"]
[EventCountry "ITA"]
[SourceDate "2005.09.12"]

1. d4 Nf6 2. Nf3 e6 3. Bf4 c5 4. e3 b6 5. Nc3 cxd4 6. Nb5 Nd5 7. Qxd4 Nxf4 8.
Qxf4 Na6 9. O-O-O Qf6 10. Qe4 Rb8 11. Nxa7 Nc5 12. Qe5 Qxe5 13. Nxe5 f6 14. Nd3
Bb7 15. Kb1 Ne4 16. Nb5 d5 17. f3 Nd6 18. Nf4 Kf7 19. e4 Nxb5 20. Bxb5 g5 21.
Nxe6 Kxe6 22. exd5+ Kd6 23. Rhe1 Bc8 24. Re8 Bg7 25. Rde1 Bf5 26. R8e7 Bf8 27.
Rf7 Kxd5 28. Rxf6 Bg6 29. Bc6+ Kc5 30. Re5+ Kd4 31. Rd5+ Kc4 32. a3 Bc5 33.
Rxg6 Rbd8 34. Rgxg5 Rxd5 35. Rxd5 Bd4 36. c3 1-0

[Event "IV Festival A"]
[Site "Catania "]
[Date "1993.08.??"]
[Round "4"]
[White "Genovese, Maurizio"]
[Black "Miljanic, Boro"]
[Result "0-1"]
[WhiteElo "2255"]
[BlackElo "2370"]
[PlyCount "36"]
[EventDate "1993.08.01"]
[EventType "swiss"]
[EventRounds "7"]
[EventCountry "ITA"]
[SourceDate "2005.09.12"]

1. d4 Nf6 2. c4 g6 3. Nc3 Bg7 4. e4 d6 5. f4 O-O 6. Nf3 Na6 7. e5 Nd7 8. c5
dxc5 9. d5 f6 10. e6 Nb6 11. Bxa6 bxa6 12. Be3 Qd6 13. Qd2 c6 14. Ne4 Qxd5 15.
Nxc5 Bxe6 16. Qxd5 Bxd5 17. O-O-O Nc4 18. Bd4 Bh6 0-1

[Event "IV Festival A"]
[Site "Catania "]
[Date "1993.08.??"]
[Round "4"]
[White "Gueci, Riccardo"]
[Black "Lanzani, Mario"]
[Result "0-1"]
[WhiteElo "2235"]
[BlackElo "2280"]
[PlyCount "84"]
[EventDate "1993.08.01"]
[EventType "swiss"]
[EventRounds "7"]
[EventCountry "ITA"]
[SourceDate "2005.09.12"]

1. e4 c5 2. Nf3 d6 3. d4 cxd4 4. c3 dxc3 5. Nxc3 Nc6 6. Bc4 e6 7. O-O a6 8. Qe2
b5 9. Bb3 Ra7 10. Be3 Rd7 11. Nd4 Nxd4 12. Bxd4 Nf6 13. Rfd1 Be7 14. Rd3 O-O
15. Rad1 Bb7 16. f3 Qb8 17. Kh1 Rdd8 18. Qf2 g6 19. Bb6 Rc8 20. Ba7 Qa8 21. Be3
Nd7 22. Bh6 Rfd8 23. Rxd6 Ne5 24. Rxd8+ Rxd8 25. Rxd8+ Qxd8 26. Qd2 Qxd2 27.
Bxd2 Nd3 28. Nd1 Bf6 29. Bc3 Bxc3 30. bxc3 Nc1 31. c4 Nxb3 32. axb3 bxc4 33.
bxc4 Kf8 34. Nf2 Ke7 35. Nd3 Kd6 36. Kg1 a5 37. Kf2 Ba6 38. e5+ Kc6 39. Nb2 Kc5
40. Ke3 Bxc4 41. Kf4 Kb4 42. Kg5 Be2 0-1

[Event "IV Festival A"]
[Site "Catania "]
[Date "1993.08.??"]
[Round "4"]
[White "Lagumina, Giulio"]
[Black "Agnello, Giuseppe"]
[Result "1-0"]
[WhiteElo "2275"]
[BlackElo "2180"]
[PlyCount "49"]
[EventDate "1993.08.01"]
[EventType "swiss"]
[EventRounds "7"]
[EventCountry "ITA"]
[SourceDate "2005.09.12"]

1. e4 c5 2. Nf3 d6 3. d4 cxd4 4. Nxd4 Nf6 5. Nc3 g6 6. Be3 Bg7 7. f3 Nc6 8. Qd2
O-O 9. g4 Be6 10. O-O-O Nxd4 11. Bxd4 Qa5 12. a3 Rfc8 13. h4 Rab8 14. h5 b5 15.
hxg6 hxg6 16. Qg5 Qc7 17. e5 Ne4 18. fxe4 dxe5 19. Be3 b4 20. axb4 Rxb4 21. Rd3
Bc4 22. Qh4 Rxb2 23. Qh7+ Kf8 24. Bh6 Bxd3 25. Qh8# 1-0

[Event "IV Festival A"]
[Site "Catania "]
[Date "1993.08.??"]
[Round "4"]
[White "Vukovic, Zdravko"]
[Black "Garcia Palermo, Carlos Horacio"]
[Result "0-1"]
[WhiteElo "2440"]
[BlackElo "2455"]
[PlyCount "56"]
[EventDate "1993.08.01"]
[EventType "swiss"]
[EventRounds "7"]
[EventCountry "ITA"]
[SourceDate "2005.09.12"]

1. e4 c5 2. Nf3 d6 3. d4 cxd4 4. Nxd4 Nf6 5. Nc3 e5 6. Bb5+ Nbd7 7. Nf5 a6 8.
Bxd7+ Qxd7 9. Ne3 Qc6 10. Qd3 Be6 11. O-O Rc8 12. Bd2 g6 13. f4 exf4 14. Ned5
Nh5 15. Bxf4 Nxf4 16. Nf6+ Kd8 17. Rxf4 Qb6+ 18. Kh1 Qxb2 19. Nfd5 Bxd5 20.
Nxd5 Qxa1+ 21. Rf1 Qb2 22. c3 Bg7 23. Rb1 Rxc3 24. Qf1 Rc2 25. Rxb2 Bxb2 26.
Ne3 Rc1 27. Nd1 Ke7 28. h4 Rhc8 0-1

[Event "IV Festival A"]
[Site "Catania "]
[Date "1993.08.??"]
[Round "5"]
[White "Aleksic, Nenad"]
[Black "Drazic, Sinisa"]
[Result "1-0"]
[WhiteElo "2405"]
[BlackElo "2400"]
[PlyCount "143"]
[EventDate "1993.08.01"]
[EventType "swiss"]
[EventRounds "7"]
[EventCountry "ITA"]
[SourceDate "2005.09.12"]

1. e4 c6 2. d4 g6 3. Nc3 Bg7 4. Nf3 d6 5. h3 Nf6 6. a4 O-O 7. Bd3 Na6 8. O-O
Nb4 9. Re1 Nxd3 10. Qxd3 Nd7 11. Bg5 f6 12. Be3 e6 13. Qd2 e5 14. a5 exd4 15.
Nxd4 Ne5 16. Qe2 a6 17. Ra3 Re8 18. Rd1 Rb8 19. Rb3 Qc7 20. Nf3 Be6 21. Bb6 Qe7
22. Rb4 Nf7 23. Ra4 Rbc8 24. Qd2 Bd7 25. Raa1 Qf8 26. Re1 Re7 27. Rad1 Rce8 28.
Be3 Bc8 29. Bf4 Rd8 30. Be3 Kh8 31. Bb6 Rde8 32. Bd4 Kg8 33. Be3 h6 34. Bf4 Rd8
35. Re3 g5 36. Bg3 f5 37. exf5 Bxf5 38. Rxe7 Qxe7 39. Re1 Qd7 40. Nd4 Bg6 41.
Ne6 Re8 42. Nxg7 Rxe1+ 43. Qxe1 Kxg7 44. Ne4 Qe6 45. Qc3+ Kf8 46. Nd2 c5 47.
Nc4 Kg8 48. Ne3 Be4 49. Qd2 Bc6 50. c4 Kf8 51. b4 cxb4 52. Qxb4 h5 53. h4 gxh4
54. Bxh4 Qe4 55. Bg3 h4 56. Bxd6+ Kg8 57. Nd5 Bxd5 58. cxd5 Qxd5 59. Qg4+ Qg5
60. Qxg5+ Nxg5 61. Be7 Ne4 62. Bxh4 Kf7 63. f4 Ke6 64. g4 Nd2 65. Be1 Nc4 66.
Kf2 b5 67. axb6 Nxb6 68. Kf3 Nc4 69. f5+ Kd5 70. Bc3 a5 71. g5 a4 72. g6 1-0